000 01160nam a2200277Ia 4500
003 OSt
005 20221005103705.0
006 a|||||r|||| 00| 0
007 ta
008 221004b |||||||| |||| 00| 0 san d
020 _a8187322934 (hbk)
_cINR 750.00
024 _a37169
037 _b289, 18/01/2018, Eastern Book Linkers
_cTextual
040 _aCRL
_cCRL
_bsan
041 _2san
_asan
082 _aO15:g(G:55), 152Q7
100 _aमिश्रा, सन्जु, ले.
245 0 _aप्राचीन संस्कृत साहित्य में पर्यावरण परिशीलन
246 _aPrāchīn sanskṛut sāhitya mean paryāvaraṇ parishīlana
260 _aदिल्ली
_bअमर ग्रन्थ पब्लिकेशन्स भारत
_c2017
300 _a283पृ0
_ccm.
650 _a संस्कृत साहित्य
650 _aपर्यावरण विज्ञान
942 _hO15:g(G:55), 152Q7
_cTEXL
_2cc
999 _c1010637
_d1010637